000 00303nam a22001217a 4500
082 _a891.464
_bMAH
100 _aMAHAJAN MUKUND
245 _aUPAHASACHI MISAL उपहासाची मिसळ
260 _aPUNE
_bMAHAJN PREMA
_c2018
300 _a77
650 _aMARATHI SHORT STORIES
942 _cBK
999 _c84805
_d84805